header

Textual mobility and cultural transmission (Record no. 139898)

MARC details
000 -LEADER
fixed length control field 01703nam a2200421 a 4500
245 00 - TITLE STATEMENT
Title Textual mobility and cultural transmission
260 ## - PUBLICATION, DISTRIBUTION, ETC. (IMPRINT)
Place of publication Leuven, Belgium :
Name of publisher Leuven University Press,
Year of publication 2006.
300 ## - PHYSICAL DESCRIPTION
Number of Pages 115 p. :
Other physical details ill.
650 #0 - SUBJECT ADDED ENTRY--TOPICAL TERM
Topical Term English literature
Topical Term English literature
Topical Term English literature
Topical Term Translating and interpreting.
Topical Term Language and culture.
700 1# - ADDED ENTRY--PERSONAL NAME
Personal name Clercq, Martine de.
Personal name Toremans, Tom.
Personal name Verschueren, Walter.
856 40 - ELECTRONIC LOCATION AND ACCESS
Uniform Resource Identifier http://site.ebrary.com/lib/rucke/Doc?id=10452838

No items available.

© 2026 Rongo University
Contact us: librarian | system librarian | Rongo university